Statistics for G-20 major economies

Click here to take the quiz!

General Stats

  • This quiz has been taken 56 times
  • The average score is 18 of 20

Answer Stats

Country% Correct
Brazil
100%
France
100%
Japan
100%
Mexico
100%
Russia
100%
United Kingdom
100%
United States
100%
Germany
98%
India
98%
Italy
98%
China
96%
Australia
95%
Canada
95%
South Korea
93%
Argentina
89%
Indonesia
89%
South Africa
89%
Saudi Arabia
80%
Turkey
80%
European Union
18%

Score Distribution

Percentile by Number Answered

Percent of People with Each Score

Your Score History

You have not taken this quiz